000 01003nam a2200217Ia 4500
003 OSt
005 20200715152854.0
008 191128s2006 ck fr 000 0 spa d
020 _a9586314375
040 _aCO-JMCR
_cCO-JMCR
041 0 _aspa
082 0 4 _a338.642 /
_bC257c
_223
245 0 0 _aCaracterización de las pymes de Bogotá mediante el uso de información secundaria :
_bresultados de investigación /
260 _aBogotá :
_bUniversidad Santo Tomás,
_c2006
300 _a168 páginas ;
_c24 cm.
490 0 _aCentro de estudios economía y humanismo Louis Joseph Lebret
505 0 _aCaracterización general -- Estudios especializados -- Caracterización de la regulación contable para las PYMES que utilizan tecnología limpia -- Caracterización de las conectividades las PYMES de Bogotá -- Carecterización del perfil del talento humano.
650 1 4 _aIndustria
_zBogotá (Colombia)
_97313
650 1 4 _aPequeña y mediana empresa
_zBogotá (Colombia)
_97314
942 _2ddc
_cBK
999 _c4103
_d4103